00309 a2200133 4500001000700000020002200007040001100029100002400040240003800064245003300102300000800135362000900143440002300152189875 a978-85-7635-331-7 cMagnum aAlbergaria, Lino de10aRetrato de um menino artistalpor10aRetrato de um menino artista a1170 a2008 1aLarousse do Brasil